000 01036nam a2200301 i 4500
001 47490
003 ES-MaACL
005 20230906161555.0
007 t|
008 030429s2002 sp ||||0| spa j
020 _a84-88006-91-8
040 _aM-BN
_bspa
_cM-BN
080 _a75.036(460)(083.824)
080 _a75.036(410)(083.824)
245 0 0 _aMeridiano de Greenwich /
_cGeorge Blacklock ... [et al.].
260 _a[Madrid] :
_bConcejalía de Cultura, Educación, Juventud y Deportes,
_c[2002]
300 _a165 p. :
_bil. col. ;
_c24 cm.
500 _aExposición itinerante.
650 4 _aPintura española-
_yS.XX-
_vExposiciones.
_916043
650 4 _aPintura británica-
_yS.XX-
_vExposiciones.
_916020
655 7 _2tgfbne
_9193628
_aCatálogos de exposiciones
700 1 _aBlacklock, George.
_929074
710 1 _aMadrid.
_bConcejalía de Cultura, Educación, Juventud y Deportes.
_95575
852 _aES-MaACL
_jL-26273
_bR.131609
942 _2udc
999 _c47490
_d47490